[Event "Challenge"]
[Site "http://www.queenalice.com/game.php?id=459629"]
[Date "2008.9.7"]
[Round "-"]
[White "rixed"]
[Black "solo"]
[Result "0-1"]
[WhiteElo "1500"]
[BlackElo "1569"]

1. e4 e5 2. Nf3 d6 3. b3 Bg4 4. Bc4 a6 5. Bb2 Bxf3 6. Qxf3 Qf6 7. d4 Qxf3 8.
gxf3 f6 9. Nd2 b5 10. Bxg8 Rxg8 11. d5 c6 12. O-O-O c5 13. Rhg1 a5 14. Rg4 a4
15. f4 exf4 16. Rxf4 axb3 17. Nxb3 Rxa2 18. Bc3 b4 19. Bd2 Nd7 20. c3 Ne5 21.
Kb1 Ra3 22. Kc2 Nc4 23. cxb4 cxb4 24. Bxb4 Ra4 25. Kc3 Ne5 26. Na5 Be7 27. Nb7
Kd7 28. h4 Rb8 29. Kb3 Ra7 0-1

[Event "PATO II"]
[Site "http://www.queenalice.com/game.php?id=459822"]
[Date "2008.9.7"]
[Round "-"]
[White "perucona"]
[Black "rixed"]
[Result "0-1"]
[WhiteElo "1469"]
[BlackElo "1563"]

1. e4 e5 2. d4 exd4 3. Qxd4 Nc6 4. Qd5 Nf6 5. Qd3 Nb4 6. Qd2 Nxe4 7. Qd1 d5 8.
f3 Qe7 9. fxe4 Qxe4+ 10. Qe2 Nxc2+ 11. Kd1 Bg4 12. Nc3 Qe6 13. Nf3 Nxa1 14.
Qxe6+ fxe6 15. h3 Bxf3+ 16. gxf3 Be7 17. Bd3 O-O 18. Rg1 Rxf3 19. Be2 Rxh3 20.
Bf1 Rh2 21. Bf4 Rxb2 22. Na4 Rb4 23. Nc3 Rxf4 24. Ne2 Rc4 25. Nc1 Rd4+ 26. Ke1
Nc2+ 27. Ke2 Rf8 28. Rg2 Rxf1 29. Kxf1 Ne3+ 30. Kf2 Nxg2 31. Kxg2 c5 32. Nb3 Re4
33. Nd2 Re2+ 34. Kf3 Rxd2 35. Ke3 Bg5+ 36. Kf3 c4 0-1

[Event "Challenge"]
[Site "http://www.queenalice.com/game.php?id=459839"]
[Date "2008.9.7"]
[Round "-"]
[White "rixed"]
[Black "archangel"]
[Result "1-0"]
[WhiteElo "1433"]
[BlackElo "1831"]

1. e4 e5 2. Nf3 Nc6 3. Bc4 Nf6 4. Nc3 Bb4 5. O-O Bxc3 6. bxc3 O-O 7. d4 exd4 8.
e5 Ng4 9. cxd4 d6 10. Bg5 Ne7 11. Re1 Re8 12. Bh4 Be6 13. Bxe6 fxe6 14. Ng5 Nh6
15. Nxe6 Qd7 16. exd6 Qxd6 17. Bg3 Qd7 18. Nxc7 Nd5 19. Nxe8 Rxe8 20. Rxe8+ Qxe8
21. Qf3 Nb4 22. Qxb7 Nxc2 23. Qb3+ Kh8 24. Qxc2 Qf7 25. Re1 Nf5 26. Qc8+ Qg8 27.
Re8 Nh6 28. d5 a5 29. Bf4 Qxe8 30. Qxe8+ Ng8 31. d6 h6 32. d7 Kh7 33. d8=Q Nf6
34. Qd3+ g6 35. Qdxg6# 1-0

[Event "AUTO-OPEN-1262"]
[Site "http://www.queenalice.com/game.php?id=462359"]
[Date "2008.9.13"]
[Round "1"]
[White "rixed"]
[Black "ezequiel_2001"]
[Result "0-1"]
[WhiteElo "1597"]
[BlackElo "1711"]

1. e4 c5 2. c4 Nf6 3. Nc3 d6 4. Be2 e5 5. d3 Be7 6. Bg5 O-O 7. Nb5 a6 8. Qa4 Nc6
9. Nf3 Be6 10. O-O axb5 11. Qxb5 Nd4 12. Nxd4 cxd4 13. Qxb7 Rb8 14. Qa7 Rxb2 15.
Rfb1 Rd2 16. Kf1 Rc2 17. a4 h6 18. Bd1 Rc3 19. Bd2 Rxd3 20. Ke2 Rxd2+ 21. Kxd2
Nxe4+ 22. Ke1 Nc3 23. Rb7 Bg5 24. Bc2 Bxc4 25. g3 d3 26. Bxd3 Bd5 27. h4 Bf6 28.
Kd2 Bxb7 29. Qxb7 Qa5 30. Ke3 d5 31. Kf3 e4+ 0-1

[Event "AUTO-OPEN-1262"]
[Site "http://www.queenalice.com/game.php?id=462360"]
[Date "2008.9.13"]
[Round "1"]
[White "ezequiel_2001"]
[Black "rixed"]
[Result "0-1"]
[WhiteElo "1595"]
[BlackElo "1566"]

1. d4 Nf6 2. c4 e6 3. a3 g6 4. Nc3 b6 5. Bg5 Bg7 6. Nf3 Bb7 7. e3 O-O 8. e4 h6
9. Bh4 g5 10. Nxg5 hxg5 11. Bxg5 d6 12. Qc2 Qe7 13. e5 dxe5 14. dxe5 Ba6 15.
exf6 Bxf6 16. h4 Kg7 17. Qe4 c6 18. Bd3 Rh8 19. Bxf6+ Qxf6 20. Qg4+ Kf8 21. g3
Nd7 22. O-O Ne5 23. Qe4 Rd8 24. Be2 c5 25. f4 Ng6 26. Rad1 Nxh4 27. gxh4 Rg8+
28. Kf2 Qxh4+ 29. Ke3 Rb8 30. Rf3 Bb7 31. Qe5 Rd8 32. Rxd8+ Qxd8 33. Rh3 Ke7 34.
Rh6 Qd7 35. Qf6+ Ke8 36. Rh3 a6 37. b3 a5 38. a4 Bc6 39. Nb5 Bg2 40. Rh2 Qc6 41.
Qe5 Kd7 42. Rxg2 Rxg2 43. Bf3 Rg3 44. Qe4 Qxe4+ 45. Kxe4 Kc6 46. Ke3+ Kd7 47.
Nc3 Rg1 48. Ne4 e5 49. fxe5 Ke6 50. Kf4 Rb1 51. Ng5+ Ke7 52. Bc6 Rxb3 53. Ke4
Rc3 54. Bb5 f6 55. exf6+ Kxf6 56. Nf3 Ke6 57. Ne5 Kd6 58. Nd3 Rc2 59. Nf4 Rc1
60. Nd5 Re1+ 61. Kf5 Re5+ 62. Kf6 Rxd5 63. cxd5 Kxd5 0-1

[Event "AUTO-OPEN-1262"]
[Site "http://www.queenalice.com/game.php?id=462361"]
[Date "2008.9.13"]
[Round "1"]
[White "rixed"]
[Black "wallt"]
[Result "0-1"]
[WhiteElo "1608"]
[BlackElo "1840"]

1. e4 e5 2. Nf3 Nc6 3. Bb5 Nf6 4. d3 d6 5. Bxc6+ bxc6 6. O-O Be7 7. Nbd2 O-O 8.
Nc4 Bg4 9. Na5 Qd7 10. b4 d5 11. Bb2 Bxb4 12. Nb3 Qe7 13. Qc1 Bxf3 14. gxf3 d4
15. Qg5 h6 16. Qg2 Nh5 17. Bc1 Qe6 18. a3 Be7 19. Kh1 c5 20. Bxh6 Qxh6 21. Rg1
a5 22. Nd2 Qxd2 23. Qh3 Qh6 24. Rg4 Ra6 25. Rag1 Rg6 26. Rxg6 Qh7 27. Rc6 Bd6
28. Qg4 g6 29. Ra6 Nf4 30. Rxa5 Nh3 31. Rg2 Nf4 32. Rg3 Be7 33. Rg1 Rb8 34. a4
Rb2 35. Qc8+ Kg7 36. Qxc7 Qh4 37. Ra7 Kf8 38. Qxe5 Bf6 39. Qxc5+ Kg7 40. Ra8 Ne6
41. Qc8 Nd8 42. Kg2 Qg5+ 43. Qg4 Qd2 44. e5 Be7 45. Rc8 Ne6 46. Qh4 Bxh4 0-1

[Event "AUTO-OPEN-1262"]
[Site "http://www.queenalice.com/game.php?id=462362"]
[Date "2008.9.13"]
[Round "1"]
[White "wallt"]
[Black "rixed"]
[Result "1-0"]
[WhiteElo "1798"]
[BlackElo "1603"]

1. d4 Nf6 2. Nc3 e6 3. Bf4 Bb4 4. Qd2 b5 5. a3 Ba5 6. b4 Bb6 7. Nxb5 O-O 8. Nc3
Nc6 9. Nf3 a6 10. e4 Bb7 11. e5 Nd5 12. Nxd5 Nxd4 13. Nxd4 Bxd5 14. Be3 c5 15.
bxc5 Ba5 16. c3 Qc7 17. Ne2 Qxe5 18. Bd4 Qc7 19. Qe3 Rfe8 20. Be5 Qb7 21. Nf4
Rac8 22. Rc1 h6 23. Nxd5 exd5 24. Be2 f6 25. Qf3 Rxe5 26. O-O Rxc5 27. c4 Qb2
28. Bd3 dxc4 29. Bg6 d5 30. a4 Qb6 31. Rb1 Qd6 32. g3 c3 33. Rfc1 Qc6 34. Rb8+
1-0

[Event "AUTO-OPEN-1262"]
[Site "http://www.queenalice.com/game.php?id=462363"]
[Date "2008.9.13"]
[Round "1"]
[White "rixed"]
[Black "LeoDZeppelin"]
[Result "1-0"]
[WhiteElo "1535"]
[BlackElo "1608"]

1. e4 e5 2. Nf3 Nc6 3. Bb5 Qf6 4. c3 a6 5. Bxc6 Qxc6 6. d3 d6 7. O-O Bg4 8. c4
Nf6 9. Nc3 h5 10. Bg5 Nh7 11. h3 Nxg5 12. hxg4 hxg4 13. Nxg5 Qd7 14. Nd5 f6 15.
Ne6 Rc8 16. Qxg4 Rh6 17. Rae1 Qf7 18. Nxg7+ Kd8 19. Ne6+ Ke8 20. Nxf8 Kxf8 21.
Qxc8+ Kg7 22. Qxc7 1-0

[Event "AUTO-OPEN-1262"]
[Site "http://www.queenalice.com/game.php?id=462364"]
[Date "2008.9.13"]
[Round "1"]
[White "LeoDZeppelin"]
[Black "rixed"]
[Result "0-1"]
[WhiteElo "1607"]
[BlackElo "1593"]

1. e4 e5 2. Bc4 Nf6 3. d3 Nc6 4. Bg5 Bc5 5. c3 d6 6. Bd5 h6 7. Bxc6+ bxc6 8.
Bxf6 Qxf6 9. Qf3 Ba6 10. Qxf6 gxf6 11. c4 Bd4 12. Nc3 Rb8 13. O-O-O Bxf2 14. Rf1
Be3+ 15. Kc2 Rg8 16. g3 Ke7 17. Nf3 Ke6 18. Nh4 c5 19. Nf5 Bb7 20. Rf3 Bg5 21.
h4 Rh8 22. hxg5 fxg5 23. Rxh6+ f6 24. g4 Rxh6 25. Nxh6 Rh8 26. Nd5 Rxh6 27.
Nxc7+ Kd7 28. Nd5 Bxd5 29. exd5 Kc7 30. Kb3 Kd7 31. Ka4 Ke7 32. Kb5 Rh2 33. a4
Rxb2+ 34. Ka6 Ra2 35. a5 Ra4 36. Rh3 e4 37. dxe4 Rxc4 38. Kxa7 Rxe4 39. a6 Rb4
40. Rh7+ Kd8 41. Rb7 Kc8 42. Ka8 Ra4 43. Rb6 c4 44. Rc6+ Kd7 45. Kb7 Rb4+ 46.
Rb6 Rxb6+ 47. Kxb6 c3 48. a7 c2 49. a8=Q c1=Q 50. Qa4+ Kd8 51. Qa8+ Qc8 52. Qc6
Qb8+ 53. Ka5 Qc7+ 54. Kb5 Qxc6+ 55. Kxc6 Ke7 56. Kc7 f5 0-1

[Event "AUTO-INT-1035"]
[Site "http://www.queenalice.com/game.php?id=462551"]
[Date "2008.9.13"]
[Round "1"]
[White "Landoaldojr"]
[Black "rixed"]
[Result "1-0"]
[WhiteElo "1421"]
[BlackElo "1593"]

1. e3 e5 2. Bd3 d5 3. Bb5+ c6 4. Be2 Bc5 5. c3 Ne7 6. Bf3 e4 7. Bg4 f5 8. Bh5+
Ng6 9. Ne2 O-O 10. O-O Qg5 11. Ng3 f4 12. exf4 Nxf4 13. Kh1 Be6 14. b4 Bd6 15.
Na3 Nd3 16. Nc2 Nxf2+ 17. Rxf2 Rxf2 18. d3 Qf6 19. Be3 Bxg3 20. Bxf2 Bxf2 21.
dxe4 Qxc3 22. Qe2 Bd4 23. Rd1 Be5 24. Rd3 Qb2 25. a4 d4 26. Qd2 Nd7 27. Nxd4
Qb1+ 28. Qd1 Qxb4 29. Nxe6 Qxe4 30. Rxd7 Bf6 31. Nd8 g6 32. Qb3+ 1-0

[Event "AUTO-INT-1035"]
[Site "http://www.queenalice.com/game.php?id=462552"]
[Date "2008.9.13"]
[Round "1"]
[White "rixed"]
[Black "Landoaldojr"]
[Result "1-0"]
[WhiteElo "1296"]
[BlackElo "1444"]

1. e4 e5 2. Nf3 d6 3. d4 f6 4. Nc3 c6 5. Bc4 Ne7 6. O-O Ng6 7. b3 Qd7 8. d5 cxd5
9. Bb5 Nc6 10. exd5 Qc7 11. dxc6 bxc6 12. Qd5 Ne7 13. Qc4 Bb7 14. Rd1 O-O-O 15.
Ba6 Bxa6 16. Qxa6+ Kd7 17. Be3 Ra8 18. Rxd6+ Ke8 19. Rd2 Nc8 20. Rad1 Nd6 21.
Na4 Qb7 22. Nc5 Qxa6 23. Nxa6 Nb7 24. Nc7+ Kf7 25. Nxa8 Bb4 26. Rd7+ Be7 27.
Rxb7 Rxa8 28. Bxa7 Re8 29. Bc5 Kg6 30. Bxe7 1-0

[Event "AUTO-INT-1035"]
[Site "http://www.queenalice.com/game.php?id=462563"]
[Date "2008.9.13"]
[Round "1"]
[White "andorei"]
[Black "rixed"]
[Result "0-1"]
[WhiteElo "1353"]
[BlackElo "1535"]

1. d4 Nf6 2. Nc3 d5 3. Nf3 Nc6 4. a4 Bf5 5. Nh4 e6 6. f3 Nb4 7. e4 dxe4 8. fxe4
Bxe4 9. Nxe4 Nxe4 10. Nf3 c6 11. h4 Bd6 12. c3 Bg3+ 13. Ke2 Nd5 14. c4 Ndc3+ 15.
bxc3 Nxc3+ 16. Ke3 Nxd1+ 17. Kd2 Nf2 18. Rg1 Bxh4 19. g3 Bxg3 20. Rxg3 Ne4+ 21.
Ke2 Nxg3+ 22. Ke1 g5 23. Nxg5 Qxd4 24. Rb1 Rd8 25. Bb2 Qe3+ 26. Be2 Qg1+ 27. Bf1
Qxf1# 0-1

[Event "AUTO-INT-1035"]
[Site "http://www.queenalice.com/game.php?id=462564"]
[Date "2008.9.13"]
[Round "1"]
[White "rixed"]
[Black "andorei"]
[Result "1-0"]
[WhiteElo "1497"]
[BlackElo "1363"]

1. e4 e5 2. Nf3 Nc6 3. Bb5 a6 4. Bxc6 dxc6 5. Nxe5 Qe7 6. d4 f6 7. Qh5+ g6 8.
Nxg6 Qf7 9. Nf4 Qxh5 10. Nxh5 Be6 11. Bf4 Bb4+ 12. c3 Ba5 13. e5 fxe5 14. Bxe5
Nf6 15. Bxf6 Rf8 16. O-O b5 17. Re1 Kf7 18. Nd2 Rae8 19. Ng7 Rc8 20. Rxe6 Rg8
21. Ne4 Rgf8 22. Ng5+ Kg8 23. Nf5 h6 24. Ne7# 1-0

[Event "AUTO-INT-1035"]
[Site "http://www.queenalice.com/game.php?id=462569"]
[Date "2008.9.13"]
[Round "1"]
[White "johnny_knoxville"]
[Black "rixed"]
[Result "1-0"]
[WhiteElo "1602"]
[BlackElo "1568"]

1. d4 d5 2. f3 e6 3. e4 Nc6 4. Bb5 Bd7 5. exd5 exd5 6. Nc3 Qh4+ 7. g3 Qxd4 8.
Qxd4 Nxd4 9. Bd3 O-O-O 10. Nge2 Nxf3+ 11. Kf2 Bg4 12. h3 Bc5+ 13. Kg2 Bh5 14. g4
Nh4+ 15. Kg3 Bg6 16. Bxg6 Nxg6 17. Nf4 N8e7 18. Re1 Bd6 19. Nb5 Nc6 20. Nxd6+
Rxd6 21. Be3 Nxf4 22. Bxf4 Re6 23. c3 d4 24. Rxe6 fxe6 25. cxd4 Nxd4 26. Be5 Rd8
27. Bxg7 Rg8 28. Bxd4 b6 29. Re1 1-0

[Event "Challenge"]
[Site "http://www.queenalice.com/game.php?id=486168"]
[Date "2008.10.31"]
[Round "-"]
[White "Landoaldojr"]
[Black "rixed"]
[Result "1/2-1/2"]
[WhiteElo "1628"]
[BlackElo "1618"]

1. c3 e5 2. e4 Nf6 3. f3 d5 4. Bb5+ c6 5. Ba4 Be6 6. Bb3 Bc5 7. d4 Bd6 8. Ne2
dxe4 9. Nd2 O-O 10. Bxe6 exf3 11. Nxf3 fxe6 12. Nxe5 Bxe5 13. O-O Bxh2+ 14. Kxh2
Qd6+ 15. Nf4 Nd5 16. Qg4 e5 17. dxe5 Qxe5 18. Kh1 Na6 19. Bd2 Nc5 20. Rfe1 Qd6
21. Nxd5 Qxd5 22. Bh6 Rf7 23. c4 Qd6 24. Be3 Re8 25. Bd4 Rxe1+ 26. Rxe1 h6 27.
Re8+ Kh7 28. Be5 Qg6 29. Qg3 Ne4 30. Qxg6+ Kxg6 31. Bd4 Nd6 32. Re6+ Kg5 33.
Rxd6 Kg4 34. Rg6+ Kf5 35. Rg3 g5 36. Rf3+ Kg6 37. Rxf7 Kxf7 38. g4 a6 39. b4 Ke6
40. c5 Kd5 41. Bg7 Ke4 42. Bxh6 Kf4 43. a4 Kxg4 44. Kh2 Kh5 45. Bf8 g4 46. Kg3
Kg5 47. Be7+ Kf5 48. a5 Ke6 49. Bf8 Kf5 50. Be7 Ke6 51. Bd8 Kf5 52. Be7 1/2-1/2

[Event "Challenge"]
[Site "http://www.queenalice.com/game.php?id=489817"]
[Date "2008.11.8"]
[Round "-"]
[White "montelo"]
[Black "rixed"]
[Result "1-0"]
[WhiteElo "1671"]
[BlackElo "1550"]

1. e4 e5 2. Qh5 Nf6 3. Qxe5+ Be7 4. Nc3 d6 5. Qg3 O-O 6. d3 h6 7. Bxh6 Nh5 8.
Qe3 gxh6 9. Qxh6 Ng7 10. Nf3 Nc6 11. Nd5 Ne5 12. Nxe7+ Qxe7 13. Ng5 d5 14. Qh7#
1-0

[Event "Challenge"]
[Site "http://www.queenalice.com/game.php?id=489818"]
[Date "2008.11.8"]
[Round "-"]
[White "rixed"]
[Black "montelo"]
[Result "1-0"]
[WhiteElo "1530"]
[BlackElo "1676"]

1. e4 e5 2. Nf3 d6 3. Bc4 h6 4. b3 g6 5. Bb2 c6 6. d4 f6 7. O-O Bg7 8. h3 h5 9.
a4 Nh6 10. dxe5 fxe5 11. Qd2 Nd7 12. Qxd6 Nb6 13. Qxg6+ Kf8 14. Nxe5 Qe7 15. Ba3
c5 16. Rd1 Bxe5 17. Bxc5 Qxc5 18. Rd8+ Ke7 19. Rxh8 Qd6 20. Rh7+ Kd8 21. Qxd6+
Bxd6 22. Rxh6 Be5 23. Ra2 Nxc4 24. Rxh5 Be6 25. bxc4 Bxc4 26. Ra3 Bd6 27. Rh8+
Kc7 28. Rxa8 Bxa3 29. Nxa3 Bg8 30. Rxg8 a6 31. h4 b5 32. axb5 axb5 33. Nxb5+ Kb6
34. Nc3 Kc5 35. h5 Kc4 36. Rg3 Kb4 37. h6 Kc4 38. h7 Kb4 39. h8=Q Ka3 40. Rg6
Kb2 41. Rd6 Kxc2 42. Qc8 Kc1 43. Ne2+ Kb2 44. Rb6+ Ka3 45. Qa8# 1-0

[Event "Challenge"]
[Site "http://www.queenalice.com/game.php?id=492108"]
[Date "2008.11.12"]
[Round "-"]
[White "carlitomontana93270"]
[Black "rixed"]
[Result "0-1"]
[WhiteElo "1544"]
[BlackElo "1593"]

1. e4 e5 2. Nf3 Nc6 3. Bb5 Nf6 4. Bxc6 dxc6 5. Nxe5 Bd6 6. Nf3 Bg4 7. d3 Qe7 8.
Nbd2 O-O-O 9. h3 Bh5 10. b3 Be5 11. Rb1 Bc3 12. Bb2 Ba5 13. O-O Bxf3 14. Nxf3
Bb4 15. Bxf6 Qxf6 16. e5 Qe6 17. d4 c5 18. Ng5 Qf5 19. f4 h6 20. Nf3 Qxf4 21. d5
Bc3 22. e6 fxe6 23. Nh2 Qg3 24. Qg4 Be5 25. Qxg3 Bxg3 26. dxe6 Rhe8 27. Rf3 Bd6
28. Re1 Re7 29. Rf7 Rde8 30. Rxe7 Bxe7 31. Nf3 c6 32. Ne5 Kc7 33. Ng6 Bg5 34. h4
Bf6 35. Nf4 Kd6 36. c4 Bxh4 37. Re2 Bg3 38. Nh5 Bh4 39. g3 Bf6 40. Nf4 g5 41.
Nh5 Rxe6 42. Rd2+ Kc7 43. Rf2 Bd4 44. Ng7 Re2 45. Ne6+ Rxe6 46. Kg2 Bxf2 47.
Kxf2 b5 0-1

[Event "Challenge"]
[Site "http://www.queenalice.com/game.php?id=503775"]
[Date "2008.12.6"]
[Round "-"]
[White "rixed"]
[Black "limone_br"]
[Result "0-1"]
[WhiteElo "1618"]
[BlackElo "1701"]

1. e4 e6 2. d4 d5 3. Nc3 Nf6 4. e5 Nfd7 5. g3 a6 6. Nge2 c5 7. b3 cxd4 8. Qxd4
Bc5 9. Qa4 b5 10. Nxb5 Nb6 11. Qg4 axb5 12. Qxg7 Rf8 13. Bh6 Nc6 14. Qxh7 Bb4+
15. c3 Bxc3+ 16. Nxc3 Qe7 17. Bxb5 Bb7 18. O-O O-O-O 19. Bxf8 Qxf8 20. Rac1 Nd4
21. Nxd5+ Kb8 22. Nxb6 Nxb5 23. Rfd1 Rxd1+ 24. Rxd1 Ka7 25. a4 Nc3 26. Nd7 Qa3
27. Rd2 Qc1+ 0-1